| 000 | 01195cam a2200325 a 4500 | ||
|---|---|---|---|
| 001 | 1418 | ||
| 005 | 20230824095055.0 | ||
| 008 | 980804s1998 ilua c 000 1 eng | ||
| 020 | _a0590762753 | ||
| 040 |
_aDLC _cDLC _dDLC _beng |
||
| 050 | 0 | 0 |
_aPZ7.W244 _bMuf 1998 |
| 082 | 0 | 0 | _aFic |
| 100 | 1 |
_aWarner, Gertrude Chandler _d1890-1979. |
|
| 245 | 1 | 4 |
_aThe mystery of the stolen sword _c by Gertrude Chandler Warner ; illustrated by Charles Tang. |
| 250 | _aFirst Scholastic printing, November 1998 | ||
| 260 | _c1998 | ||
| 300 |
_a121 pages : _billustrations ; _c20 cm |
||
| 490 | 1 |
_aThe boxcar children _vBook 67 |
|
| 505 | _aQ | ||
| 520 | _aThe Alden children visit a family friend at his apple orchard which is rumored to be haunted, but instead of a ghost they find that some of the families' valuable antiques are being stolen. | ||
| 521 |
_a660
_bLexile |
||
| 521 |
_aQ
_bRaz-Plus |
||
| 650 | 1 |
_aBrothers and sisters _xFiction. |
|
| 650 | 1 |
_aOrphans _xFiction. |
|
| 650 | 1 |
_aOrchards _xFiction. |
|
| 650 | 1 | _aMystery and detective stories. | |
| 700 | 1 |
_aTang, Charles _eillustrator |
|
| 906 |
_a7 _bcbc _corignew _d1 _eocip _f19 _gy-gencatlg |
||
| 942 |
_2ddc _cBK _n0 |
||
| 999 |
_c1418 _d1418 |
||